Skład Atlético w La Liga 2024/25 - Statystyki

Ogólne statystyki
  • Ten quiz został rozwiązany 94 razy
  • Średni wynik to 15 z 31
Statystyki odpowiedzi
Numer Zawodnik % Poprawnych
13 Jan Oblak
100%
19 Julian Álvarez
93%
7 Antoine Griezmann
92%
9 Alexander Sørloth
86%
6 Koke
85%
2 José Maria Giménez
80%
5 Rodrigo de Paul
79%
14 Marcos Llorente
77%
10 Ángel Correa
72%
24 Robin Le Normand
66%
16 Nahuel Molina
63%
12 Samuel Lino
63%
8 Pablo Barrios
62%
22 Giuliano Simeone
61%
17 Rodrigo Riquelme
58%
20 Axel Witsel
56%
23 Reinildo
52%
- Javi Galan
48%
11 Thomas Lemar
45%
3 César Azpilicueta
44%
1 Horatiu Moldovan
27%
21 João Felix
21%
- Samu Omorodion
14%
18 Arthur Vermeeren
8%
- Javi Serrano
8%
- Victor Mollejo
8%
- Borja Garces
6%
15 Carlos Martin
4%
- Germán Valera
4%
- Marcos Paulo
4%
- Santiago Mouriño
4%
Nie znaleziono quizów pasujących do podanych kryteriów
Rozkład punktacji
Procent ludzi z każdym wynikiem
Percentyl według liczby udzielonych odpowiedzi
Twoja historia wyników
Nie rozwiązałeś tego quizu